| 000 | 00000nam##2200000za#4500 |
| 001 | 9.697295 |
| 003 | CaOODSP |
| 005 | 20210624235421 |
| 007 | cr ||||||||||| |
| 008 | 150407|2009||||xxc|||||o f|0| 0 eng|d |
| 040 | |aCaOODSP|beng |
| 043 | |an-cn--- |
| 086 | 1 |aNH15-472/2009E-PDF |
| 110 | 2 |aCanada Mortgage and Housing Corporation. |
| 245 | 10|aRenting your first home in Canada : |h[electronic resource]|bwhat newcomers need to know |
| 260 | |aOttawa - Ontario : |bCanada Mortgage and Housing Corporation |cc2009. |
| 300 | |a11p.|bphotographs |
| 590 | |a13-03-Supp|b2013-02-11 |
| 690 | 07|aImmigrants|2gcpds |
| 690 | 07|aLeasing|2gcpds |
| 775 | 08|tLouer son premier logement au Canada : |w(CaOODSP)9.641355 |
| 856 | 40|ahttp://publications.gc.ca|qPDF|s1.45 MB|uhttps://publications.gc.ca/collections/collection_2013/schl-cmhc/NH15-472-2009-eng.pdf |